| 000 | 01664nam a22004217a 4500 | ||
|---|---|---|---|
| 003 | CHAP | ||
| 005 | 20230203125434.0 | ||
| 008 | 090910s2009 mx r 00010 spa d | ||
| 010 | _a96718 | ||
| 011 | _a97690 | ||
| 035 | _a108360 | ||
| 040 | _cCHAP | ||
| 090 | _aTesis | ||
| 100 | 1 |
_aGarcía Nevárez, Noe Isaac. _946371 |
|
| 245 | 1 | 0 |
_aFactores determinantes del crecimiento económico del subsector cárnico del municipio de San Pedro del Gallo, Durango, México de 1990 a 2004 _c/por Noe Isaac García Nevárez |
| 260 |
_aBermejillo, Durango. : _bEl autor, _c2009 |
||
| 300 |
_aix, 52 h. : _bgráfs. |
||
| 502 | _aTesis (Ing. Agr. en Sistemas Pecuarios de Zonas Aridas) -- UACH. Unidad Regional Universitaria de Zonas Aridas | ||
| 530 | _aTambién disponible en línea | ||
| 590 |
_aALEPH _b10 _c20130110 _lUCH01 _h1530 |
||
| 590 |
_aBATCH-UPD _b10 _c20130110 _lUCH01 _h1029 |
||
| 590 |
_aBATCH-UPD _b10 _c20130410 _lUCH01 _h0632 |
||
| 590 |
_aBATCH-UPD _b10 _c20130914 _lUCH01 _h0848 |
||
| 590 |
_aBATCH-UPD _b10 _c20140324 _lUCH01 _h1512 |
||
| 590 |
_aBATCH-UPD _b10 _c20141002 _lUCH01 _h0840 |
||
| 590 |
_aCONVERSION _b10 _c20130109 _lUCH01 _h1353 |
||
| 650 | 1 | 4 |
_aCarne _95 |
| 650 | 1 | 4 |
_aCarne _xConsumo _zDurango. _96 |
| 650 | 1 | 4 |
_aCarne _xPrecios. _919104 |
| 650 | 1 | 4 |
_aCarne _xProducción. _919109 |
| 650 | 1 | 4 | _aDesarrollo económico. |
| 650 | 1 | 4 |
_aGanado de carne _xMatanza. _945090 |
| 856 |
_3Finding aid _uhttp://10.13.5.2/tesis/108360.pdf _zTeclea aqui |
||
| 901 | _aBK | ||
| 942 | _cFOLL | ||
| 949 |
_aTesis _bBC _cTES _d33724002103652 _eTS1 _gDonaciØn _h49510 _i108360 _sb |
||
| 949 |
_aTesis _bBC _cTES _d33724002103694 _eTS2 _fc.2 _gDonaciØn _h49511 _i108360 _sb |
||
| 999 |
_c96718 _d96718 |
||